|
|
|
|
| LEADER |
00614nam a22001697a 4500 |
| 020 |
|
|
|a 8185122334
|
| 082 |
|
|
|a S 181.482
|b APP/S
|
| 100 |
|
|
|a Appadeekshita
|9 10469
|
| 245 |
|
|
|a Sidhantaleshasamgraha/
|c by Appadeekshita.
|
| 260 |
|
|
|a New Delhi:
|b Bharatiya Book co-operation,
|c 2005.
|
| 300 |
|
|
|a 559p.
|
| 650 |
|
|
|a Philosophy Advaita
|9 10470
|
| 650 |
|
|
|a Philosophy
|9 10471
|
| 650 |
|
|
|a Philosophy Sankaracharya
|9 10472
|
| 942 |
|
|
|c BK
|
| 999 |
|
|
|c 64244
|d 64244
|
| 952 |
|
|
|0 0
|1 0
|4 0
|6 S_181_482000000000000_APP_S
|7 0
|9 85690
|a SSUS
|b SSUS
|c STACKS
|d 2017-02-02
|g 500.00
|l 1
|m 1
|o S 181.482 APP/S
|p 083450
|r 2019-09-26
|s 2019-09-26
|w 2017-02-02
|y BK
|